| 000 | 00740nam a2200229 a 4500 | ||
|---|---|---|---|
| 999 |
_c11255 _d11255 |
||
| 001 | 11255 | ||
| 003 | BD-JhCC | ||
| 005 | 20191031134007.0 | ||
| 008 | 190619s20092017bg |||| ||a| 000 0 ben d | ||
| 020 | _a9847015200657 | ||
| 035 | _a(BD-JhCC)11255 | ||
| 040 |
_aBD-JhCC _dBD-JhCC |
||
| 041 | _aben | ||
| 082 |
_a510 _bBAR 2017 |
||
| 100 | _aবড়ুয়া, রক্তিম | ||
| 245 |
_aসংখ্যাতত্বে আনন্দভ্রমণ / _cরক্তিম বড়ুয়া । |
||
| 260 |
_aঢাকা: _bঅনুপম প্রকাশনী; _c২০১৭. |
||
| 300 |
_a১৪৪ পৃ . : _c২২ সেমি. |
||
| 650 | _aMahtematics | ||
| 942 |
_2ddc _cBK _02 |
||